Fisioterapia y rehabilitación en el deporte

שמור ב:
מידע ביבליוגרפי
מחבר ראשי: Einsingbach, Thomas
פורמט: ספר
שפה:ספרדית
יצא לאור: Scriba. 1989.
נושאים:
תגים: הוספת תג
אין תגיות, היה/י הראשונ/ה לתייג את הרשומה!

MARC

LEADER 00000nam a22000005a 4500
001 5350
003 CL-ChBUA
005 20120815102918.0
008 070301s1989 sp 000 0dspa
020 |a 8485835166 
040 |a CL-ChBUA  |c CL-ChBUA 
082 0 0 |a 615.82 
090 |c 5350  |d 5350 
100 1 |a Einsingbach, Thomas. 
245 1 0 |a Fisioterapia y rehabilitación en el deporte 
260 |b Scriba.  |c 1989. 
300 |a x, 300 p., gráfs.:il.  |b x, 300 p., gráfs.:il.  |c 21 cm. 
504 |a Bibl., índice. 
650 4 |a FISIOTERAPIA. 
942 |c LIB 
952 |0 0  |1 0  |4 0  |7 0  |9 7951  |a UNACH  |b UNACH  |c 600  |d 2007-03-05  |i 23.529.  |l 0  |o 615.82 / Ei 35.  |p 8950  |r 2026-03-19 21:23:08  |u 7951  |w 2012-08-08  |y LIB  |k 615.82 / Ei 35. 
999 |c 5350  |d 5350